000 00940nam a2200289Ia 4500
003 OSt
005 20221005094648.0
006 a|||||r|||| 00| 0
007 ta
008 221004b |||||||| |||| 00| 0 eng d
020 _a9780190919719 (pbk)
_cUSD 39.95
024 _a43322
037 _bBBS/100, 05/03/2019, Better Book Service
_cTextual
040 _aCRL
_cCRL
_beng
041 _2eng
_aeng
082 _aW:2, Q8
100 _aGraber Mark A. Ed.
_9619354
245 0 _aConstitutional democracy in crisis
260 _aOxford
_bOxford University Press UK
_c2018
300 _ax,725p.
_ccm.
650 _a POLITICAL SCIENCE
650 _aCONSTITUTIONS
_928454
700 _a Levinson Sanford Ed.
_9619355
700 _a Tushnet Mark Ed.
_9613683
942 _hW:2, Q8
_cTEXL
_2cc
999 _c1002295
_d1002295